书目信息 |
| 题名: |
孔子
|
|
| 作者: | ||
| 分册: | ||
| 出版信息: | 武汉 长江文艺出版社 2000 |
|
| 页数: | 365 | |
| 开本: | 20cm | |
| 丛书名: | 中国圣贤人生大系 | |
| 单 册: | ||
| 中图分类: | Z1 | |
| 科图分类: | ||
| 主题词: | 丛书 | |
| 电子资源: | ||
| ISBN: | 7-5354-1141-X | |
| 000 | 00521nam0 2200205 450 | |
| 001 | 0757995392 | |
| 005 | 20071007160635.39 | |
| 010 | @a7-5354-1141-X | |
| 100 | @a20071007d km y0chiy0120 ea | |
| 101 | 0 | @achi |
| 200 | 1 | @a孔子@Akong zi@e执着人生 |
| 210 | @a武汉@c长江文艺出版社@d2000 | |
| 215 | @a365@d20cm | |
| 225 | 2 | @a中国圣贤人生大系 |
| 410 | 0 | @12001 @a中国圣贤人生大系 |
| 517 | 1 | @a执着人生@Azhi zhe ren sheng |
| 606 | 0 | @a丛书 |
| 690 | @aZ1@v3 | |
| 801 | 0 | @aCN@bPFT@c20071007 |
| 905 | @a213230@dZ1@ea103@f1 | |
| 孔子:执着人生.-武汉:长江文艺出版社,2000 |
| 365;20cm.-(中国圣贤人生大系) |
| ISBN 7-5354-1141-X: |
| ● |
| 相关链接 |
|
|
|
|
正题名:孔子
索取号:Z1/a103
 
预约/预借
| 序号 | 登录号 | 条形码 | 馆藏地/架位号 | 状态 | 备注 |
| 1 | 7508562 | 275085621 | 密集书库-史法系/ [索取号:Z1/a103] | 在馆 |